00681nam a22002057a 4500999001900000005001700019010001500036020002600051035001400077037001300091082001100104100001500115245002700130260003700157270007400194300002300268700002700291942002200318952013500340 c188095d18809520220510114233.0 aENG-132576 a9789385606199c375.00 aEN-116108 bDBAD/PUB a880b1 aSrilata, K aLifescapes/cK.Srilata aNew DelhibWomen Unlimitedc2019 a7/10, FF, Sarvapriya ViharbNew Delhie110016mwww.womenunlimited.net axx,210pc22cm(pbk) aSwarnalatha Rangarajan 2ddccENh880mSRI 001040708NFICaBL1bBL1d2022-05-10eDBAD/PUBg375.00l2m1o880 SRIpEN-116108r2024-01-27 00:00:00s2023-12-30t1v375.00yEN